00437nam a22001577a 4500003000400000082001800004100001000022245004200032260004400074300000800118650001700126653001700143942001200160952009000172999001700262SGT a617.643bB21S aSuman aBioprogressive therapy historical.... aGurugram, HaryanabSGT Universityc2021 a180 aOrthodontics aOrthodontics 2ddccTH 00102ddc405171aFDbFDd2022-12-22o617.643 B21SpDT1396r2022-12-22 00:00:00yTH c23617d23617